| 000 | 00509nam a2200181 a 4500 | ||
|---|---|---|---|
| 001 | 19037 | ||
| 005 | 20180713212425.0 | ||
| 008 | 140415s1943 000 0 spa d | ||
| 041 | _aspa | ||
| 082 |
_a946.05 _bMEN |
||
| 100 | 1 | _aMENENDEZ PIDAL, RAMON | |
| 245 | 1 | 0 |
_aIDEA IMPERIAL DE CARLOS V : _bLA CONDESA TRAIDORA EL ROMANZ DEL INFANT GARCIA ... |
| 250 | _a2a ed. | ||
| 260 |
_a[s.l.] : _bESPASA-CALPE, _c1943 |
||
| 300 | _a160 | ||
| 490 |
_aAUSTRAL _v172 |
||
| 650 | 1 | 4 |
_aESPAA _xHISTORIA |
| 999 |
_c19037 _d19037 |
||